Elon Musk : muž, který nezná hranic /
Vědecký novinář přináší svůj nestranný pohled na osobnost i dílo jednoho z nejkontroverznějších mužů současné doby.
Uloženo v:
| Hlavní autor: | |
|---|---|
| Další autoři: | |
| Médium: | E-kniha |
| Jazyk: | Czech |
| Vydáno: |
Praha :
Dobrovský s.r.o.,
2023
|
| Edice: | Pangea
|
| Témata: | |
| Tagy: |
Žádné tagy |
| LEADER | 02951nam a2200721 i 4500 | ||
|---|---|---|---|
| 001 | 312210 | ||
| 003 | CZ PrSKC | ||
| 005 | 20260601215718.0 | ||
| 007 | ta | ||
| 008 | 221212s2023 xr e 000 0bcze | ||
| 015 | |a cnb003476891 | ||
| 020 | |a 9788027720651 |q (vázáno) | ||
| 035 | |a (OCoLC)1425860901 | ||
| 040 | |a OLA001 |b cze |d ABA001 |e rda | ||
| 041 | 1 | |a cze |h fre | |
| 043 | |a n-us--- | ||
| 045 | |a x-y- | ||
| 072 | 7 | |a 00 |x Věda. Všeobecnosti. Základy vědy a kultury. Vědecká práce |2 Konspekt | |
| 072 | 7 | |a 929 |x Biografie |2 Konspekt | |
| 080 | |a 658.114-051 |2 MRF | ||
| 080 | |a 001.895 |2 MRF | ||
| 080 | |a 330.341.1 |2 MRF | ||
| 080 | |a 62:001.892 |2 MRF | ||
| 080 | |a 520:001.891 |2 MRF | ||
| 080 | |a 929 |2 MRF | ||
| 080 | |a (73) |2 MRF | ||
| 080 | |a (048.8) |2 MRF | ||
| 080 | |a (092) |2 MRF | ||
| 100 | 1 | |a Lascar, Olivier |7 vse20231209248 |4 aut | |
| 240 | 1 | 0 | |a Enquête sur Elon Musk, l'homme qui défie la science. |l Česky |
| 245 | 1 | 0 | |a Elon Musk : |b muž, který nezná hranic / |c Olivier Lascar ; přeložil Vladimír Čadský |
| 264 | 1 | |a Praha : |b Dobrovský s.r.o., |c 2023 | |
| 300 | |a 221 stran ; |c 21 cm | ||
| 336 | |a text |b txt |2 rdacontent | ||
| 337 | |a bez média |b n |2 rdamedia | ||
| 338 | |a svazek |b nc |2 rdacarrier | ||
| 490 | 1 | |a Pangea | |
| 500 | |a Přeloženo z francouzštiny | ||
| 504 | |a Obsahuje bibliografické odkazy | ||
| 520 | 2 | |a Vědecký novinář přináší svůj nestranný pohled na osobnost i dílo jednoho z nejkontroverznějších mužů současné doby. | |
| 546 | |a Český text | ||
| 600 | 1 | 7 | |a Musk, Elon, |d 1971- |7 mzk2015891473 |2 czenas |
| 648 | 7 | |a 20.-21. století |7 ch462155 |2 czenas | |
| 648 | 7 | |a 21. století |7 ch460559 |2 czenas | |
| 650 | 0 | 7 | |a podnikatelé |7 ph124163 |z Spojené státy americké |y 20.-21. století |2 czenas |
| 650 | 0 | 7 | |a inovace |7 ph121118 |y 21. století |2 czenas |
| 650 | 0 | 7 | |a technologický rozvoj |7 ph306815 |y 21. století |2 czenas |
| 650 | 0 | 7 | |a kosmický výzkum |7 ph114988 |y 21. století |2 czenas |
| 650 | 0 | 9 | |a businessmen |z United States of America |y 20th-21st centuries |2 eczenas |
| 650 | 0 | 9 | |a innovations |y 21st century |2 eczenas |
| 650 | 0 | 9 | |a technological development |y 21st century |2 eczenas |
| 650 | 0 | 9 | |a space research |y 21st century |2 eczenas |
| 655 | 7 | |a monografie |7 fd132842 |2 czenas | |
| 655 | 7 | |a biografie |7 fd131909 |2 czenas | |
| 655 | 9 | |a monographs |2 eczenas | |
| 655 | 9 | |a biography |2 eczenas | |
| 700 | 1 | |a Čadský, Vladimír |7 jn20000810140 |4 trl | |
| 830 | 0 | |a Pangea | |
| 900 | |a ABA001 |b 20 | ||
| 044 | |a xr | ||
| 910 | |a RBIT002 | ||
| 998 | |d 392489 |a https://core.palmknihy.cz/api/books/392489/cover?s4vzpi |b https://core.palmknihy.cz/api/books/392489/cover/400?s4vzpi |c https://core.palmknihy.cz/api/books/392489/cover/50?s4vzpi |e 2027-07-20 |g 232 |i 9788027720651 |j https://core.palmknihy.cz/api/books/392489/preview.epub |k https://core.palmknihy.cz/api/books/392489/preview.pdf |l |q 49 |r 1 |s https://www.palmknihy.cz/kniha/392489 |t ebook |y 2023 |z 0 | ||
| 999 | |d 312208 | ||